000 00525nam a2200181Ia 4500
008 151018s9999 xx 000 0 und d
082 _bRBASDV12093
_a891.463
100 _aशर्मा स्वामी
245 _aगजराज
250 _b1
260 _bरम्यकथा प्रकाशन
_c1976
300 _a84
600 _aशर्मा स्वामी
630 _aगजराज
700 _aशर्मा स्वामी
730 _aगजराज
942 _cBOOK
999 _c1014346
_d1014343